| 000 | 00497nam a2200205Ia 4500 | ||
|---|---|---|---|
| 008 | 170918s9999 xx 000 0 und d | ||
| 020 | _a9780439449311 | ||
| 050 | _bB852 2003 | ||
| 100 | _aBridwell, Norman | ||
| 245 | _aClifford's class trip / | ||
| 245 | _cNorman Bridwell. | ||
| 260 | _aNew York : | ||
| 260 | _bScholastic, | ||
| 260 | _c2003 | ||
| 300 | _aunpaged : | ||
| 300 | _bcolored illustration ; | ||
| 300 | _c20cm. | ||
| 440 | _aClifford the big red dog. | ||
| 500 | _a170 | ||
| 999 |
_c341024 _d341024 |
||